Nihon keizaishi tokuhon,

Disimpan dalam:
Butiran Bibliografi
Pengarang Utama: Horie, Yasuzō, 1904-
Format: Buku
Bahasa:Japanese
Diterbitkan: Tōkyō, Tōyō Keizai Shinpōsha, Shōwa 43 (1968)
Siri:Tōyō keizai tokuhon shirīzu.
Subjek-subjek:
Penanda-penanda: Tambah Penanda
Tiada Penanda, Jadilah orang pertama menanda rekod ini!
LEADER 01046nam a2200301 4500
001 007761103-9
005 20024617115958.0
008 900115s1968 ja b 000 0 jpn
010 |a 79801486 /J 
015 |a Ja68-14028 
035 0 |a ocm20900151 
040 |a DLC  |c MiEM  |d OCoLC  |d *YNH*  |d CStRLIN 
050 0 |a HC462  |b .H76 
100 1 |6 880-01  |a Horie, Yasuzō,  |d 1904- 
245 1 0 |6 880-02  |a Nihon keizaishi tokuhon,  |c Horie Yasuzō. 
260 |6 880-03  |a Tōkyō,  |b Tōyō Keizai Shinpōsha,  |c Shōwa 43 (1968) 
300 |a 279 p.  |c 21 cm. 
490 1 |6 880-04  |a Tōyō keizai tokuhon shirīzu 
504 |a Bibliography: p. 275-279. 
651 0 |a Japan  |x Economic conditions. 
880 1 |6 100-01  |a 堀江保藏,  |d 1904- 
880 1 0 |6 245-02  |a 日本経済史読本,  |c 堀江保藏. 
880 |6 260-03  |a 東京,  |b 東洋経済新報社,  |c 昭和43 (1968) 
880 1 |6 490-04  |a 東洋経済読本シリーズ 
830 0 |6 880-54  |a Tōyō keizai tokuhon shirīzu. 
880 0 |6 830-54  |a 東洋経済読本シリーズ. 
988 |a 20021214 
906 |0 DLC